000 00583cam a2200145 4500500
005 20251228073711.0
041 _afre
042 _adc
100 1 0 _aBalty, Jean-Charles
_eauthor
245 0 0 _aBonifacio Raffaela, Ritratti romani da Pompei (Archaeologia Perusina, 14), Rome, Giorgio Bretschneider, 1997, 1 vol. 22 × 30, 146 p., 44 pl. h. t.
260 _c2005.
500 _a16
786 0 _nRevue archéologique | 40 | 2 | 2005-09-01 | p. 365zn-437zn | 0035-0737
856 4 1 _uhttps://shs.cairn.info/revue-archeologique-2005-2-page-365zn?lang=fr&redirect-ssocas=7080
999 _c1595742
_d1595742